Manual para la gestión de la construcción segura : guía práctica para Técnicos Municipales
| Format: | Section = Libro |
|---|---|
| Language: | Undetermined Spanish |
| Published: |
Managua
UNI
2017
|
| Subjects: |
| LEADER | 00665nam a2200205Ia 4500 | ||
|---|---|---|---|
| 008 | 240829s9999 xx 000 0 und d | ||
| 020 | |a 978-99964-944-1-3 | ||
| 040 | |a BIBLIOTECA-RUPAP Ref 711.1 U58 | ||
| 041 | |a spa | ||
| 082 | |a Ref 711.1 U58 | ||
| 245 | 1 | 0 | |a Manual para la gestión de la construcción segura : guía práctica para Técnicos Municipales |
| 260 | |a Managua |b UNI |c 2017 | ||
| 300 | |a 94 p. :il. | ||
| 650 | 7 | |a PLANIFICACION URBANA | |
| 650 | 7 | |b EDIFICIOS-DISEÑO Y CONSTRUCCION-NORMAS | |
| 650 | 7 | |c EDIFICIOS-MEDIDAS DE SEGURIDAD | |
| 650 | 7 | |d CONSTRUCCION DE VIVIENDAS-NICARAGUA. I. Tít. | |
| 942 | |c BK |2 ddc | ||
| 991 | |a TEXTO | ||
| 999 | |c 10407 | ||